<?xml version="1.0" encoding="UTF-8"?>
<record
    xmlns:xsi="http://www.w3.org/2001/XMLSchema-instance"
    xsi:schemaLocation="http://www.loc.gov/MARC21/slim http://www.loc.gov/standards/marcxml/schema/MARC21slim.xsd"
    xmlns="http://www.loc.gov/MARC21/slim">

  <leader>00984cam a2200265   4500</leader>
  <controlfield tag="001">997</controlfield>
  <controlfield tag="005">20260310044736.0</controlfield>
  <controlfield tag="008">260309s1987    mauc     b    001 0aeng</controlfield>
  <datafield tag="010" ind1=" " ind2=" ">
    <subfield code="a">   86022937</subfield>
  </datafield>
  <datafield tag="020" ind1=" " ind2=" ">
    <subfield code="a">9780486419312</subfield>
  </datafield>
  <datafield tag="043" ind1=" " ind2=" ">
    <subfield code="a">n-us---</subfield>
  </datafield>
  <datafield tag="100" ind1="1" ind2=" ">
    <subfield code="a">Jacobs, Harriet A.</subfield>
    <subfield code="q">(Harriet Ann),</subfield>
    <subfield code="d">1813-1897.</subfield>
  </datafield>
  <datafield tag="245" ind1="1" ind2="0">
    <subfield code="a">Incidents in the life of a slave girl :</subfield>
    <subfield code="b">written by herself /</subfield>
    <subfield code="c">by Harriet A. Jacobs ; edited by L. Maria Child ; edited and with an introduction by Jean Fagan Yellin.</subfield>
  </datafield>
  <datafield tag="260" ind1=" " ind2=" ">
    <subfield code="a">New York:</subfield>
    <subfield code="b">Dover Publications.</subfield>
    <subfield code="c">1982.</subfield>
  </datafield>
  <datafield tag="300" ind1=" " ind2=" ">
    <subfield code="a">xxxiii, 306 p. :</subfield>
    <subfield code="b">port. ;</subfield>
    <subfield code="c">24 cm.</subfield>
  </datafield>
  <datafield tag="500" ind1=" " ind2=" ">
    <subfield code="a">Includes index.</subfield>
  </datafield>
  <datafield tag="504" ind1=" " ind2=" ">
    <subfield code="a">Bibliography: p. 253-292.</subfield>
  </datafield>
  <datafield tag="600" ind1="1" ind2="0">
    <subfield code="a">Jacobs, Harriet A.</subfield>
    <subfield code="q">(Harriet Ann),</subfield>
    <subfield code="d">1813-1897.</subfield>
  </datafield>
  <datafield tag="650" ind1=" " ind2="0">
    <subfield code="a">Slaves</subfield>
    <subfield code="z">United States</subfield>
    <subfield code="x">Biography.</subfield>
  </datafield>
  <datafield tag="650" ind1=" " ind2="0">
    <subfield code="a">Slaves</subfield>
    <subfield code="z">United States</subfield>
    <subfield code="x">Social conditions.</subfield>
  </datafield>
  <datafield tag="700" ind1="1" ind2=" ">
    <subfield code="a">Child, Lydia Maria Francis,</subfield>
    <subfield code="d">1802-1880.</subfield>
  </datafield>
  <datafield tag="700" ind1="1" ind2=" ">
    <subfield code="a">Yellin, Jean Fagan.</subfield>
  </datafield>
  <datafield tag="740" ind1="0" ind2=" ">
    <subfield code="a">Life of a slave girl.</subfield>
  </datafield>
  <datafield tag="942" ind1=" " ind2=" ">
    <subfield code="2">ddc</subfield>
    <subfield code="c">MAIN</subfield>
  </datafield>
  <datafield tag="999" ind1=" " ind2=" ">
    <subfield code="c">10546</subfield>
    <subfield code="d">10547</subfield>
  </datafield>
  <datafield tag="952" ind1=" " ind2=" ">
    <subfield code="0">0</subfield>
    <subfield code="1">0</subfield>
    <subfield code="2">ddc</subfield>
    <subfield code="4">0</subfield>
    <subfield code="7">0</subfield>
    <subfield code="8">MAIN</subfield>
    <subfield code="a">RTCLIB</subfield>
    <subfield code="b">RTCLIB</subfield>
    <subfield code="c">MAIN</subfield>
    <subfield code="d">2026-03-09</subfield>
    <subfield code="g">475.00</subfield>
    <subfield code="i">19911</subfield>
    <subfield code="l">0</subfield>
    <subfield code="o">920 JAC c1</subfield>
    <subfield code="p">30021129</subfield>
    <subfield code="r">2026-03-09 08:12:28</subfield>
    <subfield code="w">2026-03-09</subfield>
    <subfield code="y">MAIN</subfield>
  </datafield>
  <datafield tag="952" ind1=" " ind2=" ">
    <subfield code="0">0</subfield>
    <subfield code="1">0</subfield>
    <subfield code="2">ddc</subfield>
    <subfield code="4">0</subfield>
    <subfield code="7">0</subfield>
    <subfield code="8">MAIN</subfield>
    <subfield code="a">RTCLIB</subfield>
    <subfield code="b">RTCLIB</subfield>
    <subfield code="c">MAIN</subfield>
    <subfield code="d">2026-03-09</subfield>
    <subfield code="g">475.00</subfield>
    <subfield code="i">19912</subfield>
    <subfield code="l">1</subfield>
    <subfield code="o">920 JAC c2</subfield>
    <subfield code="p">30021130</subfield>
    <subfield code="r">2026-03-23 09:13:59</subfield>
    <subfield code="s">2026-03-18</subfield>
    <subfield code="w">2026-03-09</subfield>
    <subfield code="y">MAIN</subfield>
  </datafield>
  <datafield tag="952" ind1=" " ind2=" ">
    <subfield code="0">0</subfield>
    <subfield code="1">0</subfield>
    <subfield code="2">ddc</subfield>
    <subfield code="4">0</subfield>
    <subfield code="7">0</subfield>
    <subfield code="8">REFERENCE</subfield>
    <subfield code="a">RTCLIB</subfield>
    <subfield code="b">RTCLIB</subfield>
    <subfield code="c">REFERENCE</subfield>
    <subfield code="d">2026-03-09</subfield>
    <subfield code="g">475.00</subfield>
    <subfield code="i">19913</subfield>
    <subfield code="l">0</subfield>
    <subfield code="o">REF 920 JAC </subfield>
    <subfield code="p">30021131</subfield>
    <subfield code="r">2026-03-09 08:14:00</subfield>
    <subfield code="w">2026-03-09</subfield>
    <subfield code="y">REFERENCE</subfield>
  </datafield>
</record>
